Statistics for 10 Highest NBA Scoring Leaders Ever not in Hall of Fame

Click here to take the quiz!

General Stats

  • This quiz has been taken 8 times
  • The average score is 4 of 10

Answer Stats

PointsPlayer% Correct
19202Eddie Johnson
75%
20049Tom Chambers
63%
20042Antawn Jamison
38%
19004Dale Ellis
38%
18458Mark Aguirre
38%
19521Walter Davis
38%
19015Reggie Theus
25%
19591Cliff Robinson
13%
18336Glen Rice
13%
19460Terry Cummings
13%

Score Distribution

Percentile by Number Answered

Percent of People with Each Score

Your Score History

You have not taken this quiz